[Event "European Women's Championship"]
[Site "Vysoke Tatry"]
[Date "2018.04.12"]
[Round "5"]
[White "Trippold, Denise"]
[Black "Ferkova, Dominika"]
[Result "1-0"]
[Board "68"]
[WhiteElo "2067"]
[WhiteTitle "WFM"]
[WhiteCountry "AUT"]
[WhiteFideId "1625594"]
[WhiteEloChange "10"]
[BlackElo "2068"]
[BlackCountry "SVK"]
[BlackFideId "14933071"]
[BlackEloChange "-10"]

1. d4 {[%clk 1:30:57]} d5 {[%clk 1:30:56]} 2. c4 {[%clk 1:31:21]} c6 {[%clk
1:31:20]} 3. Nf3 {[%clk 1:31:40]} Nf6 {[%clk 1:31:45]} 4. e3 {[%clk 1:31:59]} e6
{[%clk 1:32:10]} 5. Nbd2 {[%clk 1:32:02]} Nbd7 {[%clk 1:32:00]} 6. Bd3 {[%clk
1:32:20]} Bd6 {[%clk 1:32:00]} 7. O-O {[%clk 1:32:25]} O-O {[%clk 1:32:26]} 8. e4
{[%clk 1:32:32]} dxe4 {[%clk 1:31:07]} 9. Nxe4 {[%clk 1:31:41]} Nxe4 {[%clk
1:31:06]} 10. Bxe4 {[%clk 1:32:06]} h6 {[%clk 1:30:46]} 11. b3 {[%clk 1:30:08]}
Nf6 {[%clk 1:29:30]} 12. Bc2 {[%clk 1:30:19]} b6 {[%clk 1:25:56]} 13. Bb2 {[%clk
1:27:51]} Bb7 {[%clk 1:25:56]} 14. Qd3 {[%clk 1:26:18]} Re8 {[%clk 1:24:09]} 15.
Rfe1 {[%clk 1:20:01]} Qc7 {[%clk 1:20:29]} 16. c5 {[%clk 0:51:08]} Bf8 {[%clk
1:19:52]} 17. d5 {[%clk 0:48:55]} e5 {[%clk 1:20:03]} 18. d6 {[%clk 0:40:28]} Qd8
{[%clk 1:20:01]} 19. Nxe5 {[%clk 0:40:47]} bxc5 {[%clk 1:19:47]} 20. Nxf7 {[%clk
0:34:56]} Kxf7 {[%clk 1:19:46]} 21. Qg6+ {[%clk 0:35:00]} Kg8 {[%clk 1:19:53]}
22. d7 {[%clk 0:34:52]} Rxe1+ {[%clk 1:19:31]} 23. Rxe1 {[%clk 0:35:21]} a6
{[%clk 1:18:58]} 24. Bxf6 {[%clk 0:34:23]} Qxf6 {[%clk 1:18:47]} 25. Qxf6 {[%clk
0:34:46]} gxf6 {[%clk 1:18:50]} 26. Re8 {[%clk 0:35:11]} 1-0

[Event "European Women's Championship"]
[Site "Vysoke Tatry"]
[Date "2018.04.12"]
[Round "5"]
[White "Nadzamova, Viktoria"]
[Black "Ozbay, Ece"]
[Result "0-1"]
[Board "69"]
[WhiteElo "1766"]
[WhiteTitle "WCM"]
[WhiteCountry "SVK"]
[WhiteFideId "14943999"]
[WhiteEloChange "-2"]
[BlackElo "2216"]
[BlackTitle "WFM"]
[BlackCountry "TUR"]
[BlackFideId "6351743"]
[BlackEloChange "2"]

1. e4 {[%clk 1:30:55]} c5 {[%clk 1:30:54]} 2. Nf3 {[%clk 1:31:21]} e6 {[%clk
1:31:19]} 3. d4 {[%clk 1:31:46]} cxd4 {[%clk 1:31:45]} 4. Nxd4 {[%clk 1:32:09]}
Nc6 {[%clk 1:32:11]} 5. Nc3 {[%clk 1:32:04]} Qc7 {[%clk 1:32:39]} 6. Be3 {[%clk
1:32:20]} a6 {[%clk 1:33:04]} 7. Qd2 {[%clk 1:32:39]} Nf6 {[%clk 1:33:19]} 8. f3
{[%clk 1:31:30]} Be7 {[%clk 1:25:14]} 9. O-O-O {[%clk 1:27:12]} b5 {[%clk
1:24:39]} 10. g4 {[%clk 1:25:10]} Nxd4 {[%clk 1:23:03]} 11. Bxd4 {[%clk 1:24:10]}
Bb7 {[%clk 1:23:25]} 12. Kb1 {[%clk 1:14:22]} Rc8 {[%clk 1:16:06]} 13. Bd3 {[%clk
1:04:43]} b4 {[%clk 0:57:02]} 14. Na4 {[%clk 0:46:55]} e5 {[%clk 0:55:45]} 15.
Be3 {[%clk 0:45:29]} d5 {[%clk 0:54:45]} 16. g5 {[%clk 0:18:07]} dxe4 {[%clk
0:50:19]} 17. Bxa6 {[%clk 0:15:57]} Bxa6 {[%clk 0:45:25]} 18. gxf6 {[%clk
0:16:07]} Bxf6 {[%clk 0:30:24]} 19. Nb6 {[%clk 0:14:22]} Rd8 {[%clk 0:16:15]} 20.
Nd5 {[%clk 0:13:49]} Qa5 {[%clk 0:15:34]} 21. Bb6 {[%clk 0:10:33]} Qxd5 {[%clk
0:15:53]} 22. Qxd5 {[%clk 0:09:59]} Rxd5 {[%clk 0:16:21]} 23. Rxd5 {[%clk
0:10:28]} exf3 {[%clk 0:16:50]} 24. Re1 {[%clk 0:08:37]} O-O {[%clk 0:15:51]} 25.
a4 {[%clk 0:04:44]} bxa3 {[%clk 0:15:45]} 26. Ra5 {[%clk 0:04:07]} Be2 {[%clk
0:14:29]} 27. Rxa3 {[%clk 0:03:17]} Bh4 {[%clk 0:14:41]} 28. Rg1 {[%clk 0:03:32]}
e4 {[%clk 0:14:05]} 29. Ra4 {[%clk 0:01:30]} f2 {[%clk 0:14:02]} 30. Bxf2 {[%clk
0:01:51]} Bxf2 {[%clk 0:14:27]} 31. Rg2 {[%clk 0:01:45]} e3 {[%clk 0:14:56]} 32.
Rf4 {[%clk 0:01:24]} f5 {[%clk 0:14:52]} 33. b3 {[%clk 0:01:04]} h6 {[%clk
0:14:41]} 34. h4 {[%clk 0:01:17]} Bf1 {[%clk 0:14:54]} 35. Rgxf2 {[%clk 0:01:10]}
exf2 {[%clk 0:15:22]} 36. Rxf2 {[%clk 0:01:27]} Bh3 {[%clk 0:15:45]} 37. c4
{[%clk 0:01:36]} g5 {[%clk 0:16:09]} 0-1

[Event "European Women's Championship"]
[Site "Vysoke Tatry"]
[Date "2018.04.12"]
[Round "5"]
[White "Milcova, Zuzana"]
[Black "Slaba, Andrea"]
[Result "0-1"]
[Board "70"]
[WhiteElo "2033"]
[WhiteCountry "SVK"]
[WhiteFideId "14920026"]
[WhiteEloChange "-13"]
[BlackElo "1924"]
[BlackCountry "SVK"]
[BlackFideId "14940680"]
[BlackEloChange "13"]

1. d4 {[%clk 1:30:57]} Nf6 {[%clk 1:30:55]} 2. g3 {[%clk 1:31:21]} g6 {[%clk
1:30:56]} 3. Bg2 {[%clk 1:31:39]} Bg7 {[%clk 1:31:11]} 4. e4 {[%clk 1:31:30]} d6
{[%clk 1:31:34]} 5. Ne2 {[%clk 1:31:34]} c5 {[%clk 1:29:39]} 6. O-O {[%clk
1:30:20]} cxd4 {[%clk 1:28:50]} 7. Nxd4 {[%clk 1:29:28]} O-O {[%clk 1:28:40]} 8.
Nc3 {[%clk 1:25:24]} a6 {[%clk 1:28:01]} 9. h3 {[%clk 1:23:53]} Qc7 {[%clk
1:25:51]} 10. Be3 {[%clk 1:18:33]} Bd7 {[%clk 1:22:34]} 11. Nd5 {[%clk 1:11:55]}
Nxd5 {[%clk 1:22:51]} 12. exd5 {[%clk 1:12:24]} Bc8 {[%clk 1:15:01]} 13. Qd2
{[%clk 1:03:08]} Nd7 {[%clk 1:08:24]} 14. Rad1 {[%clk 0:58:52]} Nf6 {[%clk
1:07:33]} 15. Rfe1 {[%clk 0:52:44]} Re8 {[%clk 1:07:08]} 16. a4 {[%clk 0:44:15]}
Bd7 {[%clk 1:05:47]} 17. b3 {[%clk 0:42:09]} Rac8 {[%clk 1:04:51]} 18. c4 {[%clk
0:40:13]} e5 {[%clk 0:50:18]} 19. dxe6 {[%clk 0:36:09]} fxe6 {[%clk 0:50:42]} 20.
Bg5 {[%clk 0:26:54]} e5 {[%clk 0:34:28]} 21. Ne2 {[%clk 0:24:36]} Re6 {[%clk
0:31:30]} 22. Nc3 {[%clk 0:18:58]} Bc6 {[%clk 0:26:19]} 23. Nd5 {[%clk 0:17:52]}
Bxd5 {[%clk 0:25:58]} 24. cxd5 {[%clk 0:18:05]} Ree8 {[%clk 0:25:47]} 25. Qb4
{[%clk 0:13:56]} h6 {[%clk 0:22:19]} 26. Be3 {[%clk 0:13:42]} Qd7 {[%clk
0:21:15]} 27. Rc1 {[%clk 0:11:12]} Rxc1 {[%clk 0:21:15]} 28. Rxc1 {[%clk
0:11:40]} e4 {[%clk 0:15:20]} 29. Qd2 {[%clk 0:08:07]} Kh7 {[%clk 0:14:50]} 30.
Bd4 {[%clk 0:05:48]} Re7 {[%clk 0:09:48]} 31. g4 {[%clk 0:06:04]} b5 {[%clk
0:07:04]} 32. a5 {[%clk 0:06:24]} Qb7 {[%clk 0:07:05]} 33. Bxf6 {[%clk 0:05:28]}
Bxf6 {[%clk 0:07:31]} 34. Rc6 {[%clk 0:05:42]} Bg5 {[%clk 0:07:38]} 35. Qc2
{[%clk 0:04:30]} e3 {[%clk 0:07:17]} 36. Rxd6 {[%clk 0:03:04]} exf2+ {[%clk
0:07:08]} 37. Kxf2 {[%clk 0:03:34]} Qa7+ {[%clk 0:06:36]} 38. Kf1 {[%clk
0:00:43]} Rf7+ {[%clk 0:05:57]} 39. Bf3 {[%clk 0:01:09]} Rxf3+ {[%clk 0:05:41]}
40. Kg2 {[%clk 0:31:36]} Rf6 {[%clk 0:35:27]} 41. Rxf6 {[%clk 0:30:53]} Bxf6
{[%clk 0:35:53]} 42. Kf3 {[%clk 0:20:56]} Bg5 {[%clk 0:33:06]} 43. Qd3 {[%clk
0:18:02]} Qf7+ {[%clk 0:32:14]} 44. Ke2 {[%clk 0:18:30]} Qc7 {[%clk 0:28:52]} 45.
Qf3 {[%clk 0:06:22]} Kg7 {[%clk 0:27:23]} 46. Qd3 {[%clk 0:06:44]} Qxa5 {[%clk
0:25:51]} 47. Qd4+ {[%clk 0:06:13]} Kg8 {[%clk 0:25:29]} 48. b4 {[%clk 0:02:10]}
Qa2+ {[%clk 0:22:31]} 49. Kf3 {[%clk 0:02:17]} Qb3+ {[%clk 0:18:32]} 50. Kg2
{[%clk 0:01:34]} Qc4 {[%clk 0:18:08]} 51. Qe5 {[%clk 0:01:46]} Qxb4 {[%clk
0:14:37]} 52. Qe6+ {[%clk 0:02:09]} Kf8 {[%clk 0:13:47]} 53. d6 {[%clk 0:02:25]}
Qb2+ {[%clk 0:12:40]} 54. Kh1 {[%clk 0:02:47]} Qc1+ {[%clk 0:11:30]} 55. Kg2
{[%clk 0:03:15]} Qc6+ {[%clk 0:11:09]} 56. Kg1 {[%clk 0:03:27]} Qe8 {[%clk
0:10:45]} 57. Qd5 {[%clk 0:02:59]} Qe3+ {[%clk 0:10:33]} 58. Kf1 {[%clk 0:02:50]}
Qxh3+ {[%clk 0:10:28]} 59. Ke1 {[%clk 0:02:49]} Qg3+ {[%clk 0:10:20]} 60. Kf1
{[%clk 0:02:47]} Qf4+ {[%clk 0:10:32]} 61. Ke1 {[%clk 0:02:23]} Qc1+ {[%clk
0:10:38]} 0-1

[Event "European Women's Championship"]
[Site "Vysoke Tatry"]
[Date "2018.04.12"]
[Round "5"]
[White "Koloditsova, Renata"]
[Black "Trisha Kanyamarala"]
[Result "1-0"]
[Board "71"]
[WhiteElo "1978"]
[WhiteCountry "SVK"]
[WhiteFideId "14927705"]
[WhiteEloChange "12"]
[BlackElo "2031"]
[BlackCountry "IRL"]
[BlackFideId "45004722"]
[BlackEloChange "-12"]

1. e4 {[%clk 1:30:55]} c6 {[%clk 1:30:48]} 2. d4 {[%clk 1:31:12]} d5 {[%clk
1:31:06]} 3. exd5 {[%clk 1:31:19]} cxd5 {[%clk 1:31:25]} 4. c4 {[%clk 1:31:17]}
Nf6 {[%clk 1:31:41]} 5. Nc3 {[%clk 1:31:03]} Nc6 {[%clk 1:31:37]} 6. Nf3 {[%clk
1:30:54]} Bg4 {[%clk 1:27:37]} 7. cxd5 {[%clk 1:29:32]} Nxd5 {[%clk 1:27:59]} 8.
Qb3 {[%clk 1:28:57]} Bxf3 {[%clk 1:27:57]} 9. gxf3 {[%clk 1:28:55]} e6 {[%clk
1:26:46]} 10. Qxb7 {[%clk 1:28:19]} Nxd4 {[%clk 1:26:31]} 11. Bb5+ {[%clk
1:27:52]} Nxb5 {[%clk 1:26:51]} 12. Qc6+ {[%clk 1:27:12]} Ke7 {[%clk 1:26:57]}
13. Qxb5 {[%clk 1:26:46]} Qd7 {[%clk 1:26:46]} 14. Nxd5+ {[%clk 1:25:54]} Qxd5
{[%clk 1:27:05]} 15. Qxd5 {[%clk 1:25:58]} exd5 {[%clk 1:27:27]} 16. O-O {[%clk
1:26:04]} Ke6 {[%clk 1:26:02]} 17. Re1+ {[%clk 1:24:02]} Kf5 {[%clk 1:25:08]} 18.
Be3 {[%clk 1:23:44]} Be7 {[%clk 1:17:32]} 19. Red1 {[%clk 1:22:28]} Rhd8 {[%clk
1:11:30]} 20. Rac1 {[%clk 1:22:16]} Rd7 {[%clk 1:05:00]} 21. b3 {[%clk 1:20:45]}
a5 {[%clk 0:50:31]} 22. Bd4 {[%clk 1:14:29]} f6 {[%clk 0:40:24]} 23. Bc5 {[%clk
1:08:10]} Bxc5 {[%clk 0:32:36]} 24. Rxc5 {[%clk 1:08:31]} Ke6 {[%clk 0:30:40]}
25. Rd4 {[%clk 1:02:58]} Ke5 {[%clk 0:20:47]} 26. Ra4 {[%clk 1:00:58]} Rda7
{[%clk 0:21:08]} 27. Rb5 {[%clk 0:59:30]} g5 {[%clk 0:09:41]} 28. Re4+ {[%clk
0:58:15]} Kd6 {[%clk 0:08:54]} 29. Rd4 {[%clk 0:58:22]} a4 {[%clk 0:08:21]} 30.
Rbxd5+ {[%clk 0:54:05]} Ke6 {[%clk 0:08:30]} 31. Rd6+ {[%clk 0:45:50]} Ke7 {[%clk
0:08:18]} 32. b4 {[%clk 0:22:42]} a3 {[%clk 0:08:32]} 33. b5 {[%clk 0:19:10]} Rb8
{[%clk 0:07:58]} 34. b6 {[%clk 0:18:55]} Rab7 {[%clk 0:07:36]} 35. Rd3 {[%clk
0:18:42]} Rxb6 {[%clk 0:07:47]} 36. Rxb6 {[%clk 0:18:59]} Rxb6 {[%clk 0:08:11]}
37. Rxa3 {[%clk 0:19:23]} Ke6 {[%clk 0:07:24]} 38. Kg2 {[%clk 0:16:03]} Rb1
{[%clk 0:05:32]} 39. Ra5 {[%clk 0:12:35]} Ra1 {[%clk 0:05:00]} 40. h3 {[%clk
0:32:58]} Rb1 {[%clk 0:33:42]} 41. Ra4 {[%clk 0:27:06]} h6 {[%clk 0:22:25]} 42.
f4 {[%clk 0:25:45]} Kf5 {[%clk 0:14:53]} 43. fxg5 {[%clk 0:23:59]} hxg5 {[%clk
0:15:15]} 44. Kf3 {[%clk 0:10:35]} Rh1 {[%clk 0:15:22]} 45. Ra5+ {[%clk 0:10:43]}
Ke6 {[%clk 0:14:58]} 46. Kg2 {[%clk 0:09:33]} Rc1 {[%clk 0:14:47]} 47. Rb5 {[%clk
0:05:47]} Ra1 {[%clk 0:14:02]} 48. Rb2 {[%clk 0:05:59]} Kf5 {[%clk 0:13:59]} 49.
Rc2 {[%clk 0:05:34]} Ke5 {[%clk 0:13:55]} 50. Kf3 {[%clk 0:03:28]} Rh1 {[%clk
0:12:40]} 51. Kg4 {[%clk 0:03:23]} Rg1+ {[%clk 0:11:59]} 52. Kh5 {[%clk 0:03:43]}
Rh1 {[%clk 0:12:21]} 53. Rc3 {[%clk 0:03:36]} Kf5 {[%clk 0:09:49]} 54. Rf3+
{[%clk 0:02:58]} Ke4 {[%clk 0:09:16]} 55. Rxf6 {[%clk 0:02:39]} Rxh3+ {[%clk
0:09:37]} 56. Kxg5 {[%clk 0:02:59]} Ra3 {[%clk 0:10:00]} 57. f4 {[%clk 0:01:17]}
Rxa2 {[%clk 0:10:19]} 58. Re6+ {[%clk 0:01:34]} Kd5 {[%clk 0:10:43]} 59. Kf6
{[%clk 0:01:45]} Ra8 {[%clk 0:10:36]} 60. f5 {[%clk 0:01:24]} Rf8+ {[%clk
0:10:53]} 61. Kg6 {[%clk 0:01:39]} Rg8+ {[%clk 0:11:13]} 62. Kf7 {[%clk 0:01:55]}
Rh8 {[%clk 0:10:55]} 63. Re2 {[%clk 0:01:45]} Rh1 {[%clk 0:11:05]} 64. f6 {[%clk
0:02:03]} Rf1 {[%clk 0:11:25]} 65. Ke7 {[%clk 0:02:13]} Ra1 {[%clk 0:11:32]} 66.
f7 {[%clk 0:02:25]} Ra7+ {[%clk 0:11:52]} 67. Kf6 {[%clk 0:02:46]} Ra6+ {[%clk
0:12:12]} 68. Kg7 {[%clk 0:03:02]} Ra7 {[%clk 0:12:36]} 69. Kg8 {[%clk 0:03:20]}
1-0

[Event "European Women's Championship"]
[Site "Vysoke Tatry"]
[Date "2018.04.12"]
[Round "5"]
[White "Serakova, Tatana"]
[Black "Koubova, Anna Marie"]
[Result "1/2-1/2"]
[Board "72"]
[WhiteElo "1633"]
[WhiteCountry "CZE"]
[WhiteFideId "377856"]
[WhiteEloChange "5"]
[BlackElo "1819"]
[BlackCountry "CZE"]
[BlackFideId "381470"]
[BlackEloChange "-5"]

1. d4 {[%clk 1:30:55]} Nf6 {[%clk 1:30:53]} 2. Bf4 {[%clk 1:31:17]} g6 {[%clk
1:31:02]} 3. e3 {[%clk 1:30:43]} Bg7 {[%clk 1:31:24]} 4. Be2 {[%clk 1:29:50]} O-O
{[%clk 1:31:30]} 5. Nf3 {[%clk 1:28:20]} d6 {[%clk 1:31:00]} 6. Nbd2 {[%clk
1:22:36]} c5 {[%clk 1:29:00]} 7. c3 {[%clk 1:22:26]} b6 {[%clk 1:27:51]} 8. Qc2
{[%clk 1:15:40]} Bb7 {[%clk 1:26:51]} 9. O-O {[%clk 1:10:17]} Nbd7 {[%clk
1:23:53]} 10. Rad1 {[%clk 1:08:24]} Qe8 {[%clk 1:17:42]} 11. Rfe1 {[%clk
1:04:28]} e5 {[%clk 1:16:11]} 12. dxe5 {[%clk 1:00:42]} dxe5 {[%clk 1:16:18]} 13.
Bg3 {[%clk 0:48:21]} e4 {[%clk 1:13:58]} 14. Ng5 {[%clk 0:47:26]} h6 {[%clk
1:13:51]} 15. Nh3 {[%clk 0:44:45]} Ne5 {[%clk 1:12:39]} 16. Nc4 {[%clk 0:43:15]}
Nxc4 {[%clk 1:02:50]} 17. Bxc4 {[%clk 0:43:23]} Qc8 {[%clk 1:01:59]} 18. Bd6
{[%clk 0:41:47]} Rd8 {[%clk 1:00:38]} 19. Qb3 {[%clk 0:41:16]} Rd7 {[%clk
1:00:37]} 20. Nf4 {[%clk 0:40:46]} Ne8 {[%clk 0:35:16]} 21. Nxg6 {[%clk 0:28:49]}
Nxd6 {[%clk 0:33:42]} 22. Rxd6 {[%clk 0:28:20]} Kh7 {[%clk 0:32:27]} 23. Rxd7
{[%clk 0:26:52]} Qxd7 {[%clk 0:32:50]} 24. Nf4 {[%clk 0:23:24]} Rf8 {[%clk
0:31:11]} 25. Rd1 {[%clk 0:22:20]} Qc7 {[%clk 0:30:14]} 26. Qc2 {[%clk 0:21:00]}
Be5 {[%clk 0:29:38]} 27. g3 {[%clk 0:12:38]} Bxf4 {[%clk 0:28:33]} 28. exf4
{[%clk 0:12:55]} f5 {[%clk 0:28:09]} 29. Qe2 {[%clk 0:11:04]} Rd8 {[%clk
0:24:31]} 30. Rxd8 {[%clk 0:10:25]} Qxd8 {[%clk 0:24:58]} 31. Be6 {[%clk
0:10:19]} Qf6 {[%clk 0:23:10]} 32. Bc4 {[%clk 0:09:10]} Qc6 {[%clk 0:20:52]}
1/2-1/2

[Event "European Women's Championship"]
[Site "Vysoke Tatry"]
[Date "2018.04.13"]
[Round "6"]
[White "Ushenina, Anna"]
[Black "Gunina, Valentina"]
[Result "1/2-1/2"]
[Board "1"]
[WhiteElo "2422"]
[WhiteTitle "GM"]
[WhiteCountry "UKR"]
[WhiteFideId "14110911"]
[WhiteEloChange "1"]
[BlackElo "2507"]
[BlackTitle "GM"]
[BlackCountry "RUS"]
[BlackFideId "4167570"]
[BlackEloChange "-1"]

1. d4 {[%clk 1:30:59]} d5 {[%clk 1:30:40]} 2. Nf3 {[%clk 1:30:50]} Nf6 {[%clk
1:30:41]} 3. Bf4 {[%clk 1:31:14]} e6 {[%clk 1:21:46]} 4. e3 {[%clk 1:31:09]} c5
{[%clk 1:21:40]} 5. Nbd2 {[%clk 1:31:05]} Nc6 {[%clk 1:19:10]} 6. c3 {[%clk
1:31:24]} Bd6 {[%clk 1:19:26]} 7. Bg3 {[%clk 1:31:30]} O-O {[%clk 1:19:07]} 8.
Bb5 {[%clk 1:31:37]} Bxg3 {[%clk 1:18:03]} 9. hxg3 {[%clk 1:31:51]} Qb6 {[%clk
1:18:29]} 10. Bxc6 {[%clk 1:27:50]} bxc6 {[%clk 1:18:22]} 11. Qc2 {[%clk
1:28:11]} cxd4 {[%clk 1:14:03]} 12. cxd4 {[%clk 1:19:42]} Ba6 {[%clk 1:12:53]}
13. Nb3 {[%clk 1:07:25]} h6 {[%clk 1:00:16]} 14. Nc5 {[%clk 0:46:35]} Ne4 {[%clk
0:54:34]} 15. Nxe4 {[%clk 0:45:09]} dxe4 {[%clk 0:54:59]} 16. Ne5 {[%clk
0:45:38]} Rfd8 {[%clk 0:45:39]} 17. O-O-O {[%clk 0:28:26]} Rab8 {[%clk 0:34:33]}
18. b3 {[%clk 0:25:02]} Rd5 {[%clk 0:34:18]} 19. f3 {[%clk 0:08:21]} exf3 {[%clk
0:33:45]} 20. gxf3 {[%clk 0:08:50]} c5 {[%clk 0:30:00]} 21. e4 {[%clk 0:08:52]}
Rxe5 {[%clk 0:30:01]} 22. dxe5 {[%clk 0:09:20]} c4 {[%clk 0:30:27]} 23. Kb2
{[%clk 0:07:03]} cxb3 {[%clk 0:26:57]} 24. axb3 {[%clk 0:07:29]} Rc8 {[%clk
0:27:17]} 25. Qd2 {[%clk 0:07:41]} Bc4 {[%clk 0:26:42]} 26. Qc3 {[%clk 0:07:48]}
Ba6 {[%clk 0:18:56]} 27. Qd4 {[%clk 0:07:25]} Qb5 {[%clk 0:19:21]} 28. Rd2 {[%clk
0:06:16]} Rb8 {[%clk 0:19:26]} 29. Qc3 {[%clk 0:06:40]} Rc8 {[%clk 0:19:50]} 30.
Qd4 {[%clk 0:06:40]} Rb8 {[%clk 0:20:15]} 1/2-1/2

[Event "European Women's Championship"]
[Site "Vysoke Tatry"]
[Date "2018.04.13"]
[Round "6"]
[White "Muzychuk, Mariya"]
[Black "Ovod, Evgenija"]
[Result "1-0"]
[Board "2"]
[WhiteElo "2540"]
[WhiteTitle "GM"]
[WhiteCountry "UKR"]
[WhiteFideId "14114550"]
[WhiteEloChange "3"]
[BlackElo "2366"]
[BlackTitle "IM"]
[BlackCountry "RUS"]
[BlackFideId "4131827"]
[BlackEloChange "-5"]

1. e4 {[%clk 1:30:56]} e6 {[%clk 1:30:54]} 2. d4 {[%clk 1:31:05]} d5 {[%clk
1:31:17]} 3. Nc3 {[%clk 1:31:28]} dxe4 {[%clk 1:31:39]} 4. Nxe4 {[%clk 1:31:56]}
Nd7 {[%clk 1:32:04]} 5. Nf3 {[%clk 1:30:50]} Ngf6 {[%clk 1:32:26]} 6. Nxf6+
{[%clk 1:29:44]} Nxf6 {[%clk 1:32:45]} 7. Be3 {[%clk 1:27:32]} Be7 {[%clk
1:04:25]} 8. Bd3 {[%clk 1:26:53]} O-O {[%clk 1:03:45]} 9. Qe2 {[%clk 1:23:32]} b6
{[%clk 1:02:34]} 10. O-O-O {[%clk 1:21:36]} Bb7 {[%clk 1:03:00]} 11. h4 {[%clk
1:21:00]} Qd5 {[%clk 0:47:09]} 12. c4 {[%clk 1:11:29]} Qh5 {[%clk 0:47:14]} 13.
Rh3 {[%clk 1:06:53]} c5 {[%clk 0:43:29]} 14. dxc5 {[%clk 0:53:25]} Bxc5 {[%clk
0:43:44]} 15. Bg5 {[%clk 0:52:37]} Kh8 {[%clk 0:36:10]} 16. Rg3 {[%clk 0:34:55]}
Bd6 {[%clk 0:32:58]} 17. Rh3 {[%clk 0:32:58]} Bc5 {[%clk 0:32:59]} 18. Bd2 {[%clk
0:29:09]} Ng8 {[%clk 0:29:01]} 19. Bc3 {[%clk 0:24:58]} f6 {[%clk 0:29:03]} 20.
Bc2 {[%clk 0:13:08]} e5 {[%clk 0:25:47]} 21. Qd2 {[%clk 0:09:26]} Nh6 {[%clk
0:20:03]} 22. Ng5 {[%clk 0:05:58]} Bc8 {[%clk 0:19:33]} 23. Rhh1 {[%clk 0:05:44]}
Nf5 {[%clk 0:14:00]} 24. Ne4 {[%clk 0:05:30]} Nd4 {[%clk 0:13:40]} 25. Nxc5
{[%clk 0:01:22]} bxc5 {[%clk 0:13:58]} 26. f3 {[%clk 0:01:33]} Be6 {[%clk
0:05:44]} 27. b3 {[%clk 0:01:40]} a5 {[%clk 0:02:33]} 28. g4 {[%clk 0:01:57]} Qf7
{[%clk 0:02:48]} 29. Bxd4 {[%clk 0:02:01]} cxd4 {[%clk 0:02:04]} 30. Qd3 {[%clk
0:02:29]} g6 {[%clk 0:02:05]} 31. a4 {[%clk 0:02:35]} Qe7 {[%clk 0:01:20]} 32.
Rde1 {[%clk 0:02:48]} Bg8 {[%clk 0:00:50]} 33. Qxd4 {[%clk 0:03:02]} Rfd8 {[%clk
0:00:45]} 34. Qc3 {[%clk 0:03:16]} Qa3+ {[%clk 0:00:47]} 35. Qb2 {[%clk 0:02:10]}
Qb4 {[%clk 0:01:12]} 36. Rxe5 {[%clk 0:02:07]} Bxc4 {[%clk 0:01:21]} 37. Re4
{[%clk 0:01:51]} Qd2+ {[%clk 0:01:32]} 38. Kb1 {[%clk 0:02:18]} Bd3 {[%clk
0:01:15]} 39. Qxf6+ {[%clk 0:01:42]} Kg8 {[%clk 0:01:43]} 40. Qe6+ {[%clk
0:32:04]} Kh8 {[%clk 0:31:27]} 41. Qf6+ {[%clk 0:23:34]} Kg8 {[%clk 0:31:53]} 42.
Bxd3 {[%clk 0:22:30]} Rxd3 {[%clk 0:23:40]} 43. Qe6+ {[%clk 0:20:02]} Kh8 {[%clk
0:23:17]} 44. Rc1 {[%clk 0:20:07]} Rxf3 {[%clk 0:22:39]} 45. Rc8+ {[%clk
0:14:52]} Rxc8 {[%clk 0:22:43]} 46. Qxc8+ {[%clk 0:15:18]} Kg7 {[%clk 0:23:07]}
47. Qc7+ {[%clk 0:14:57]} Rf7 {[%clk 0:22:46]} 48. Qc2 {[%clk 0:15:03]} Qd8
{[%clk 0:20:14]} 49. g5 {[%clk 0:14:33]} Rd7 {[%clk 0:16:30]} 50. Qc3+ {[%clk
0:12:03]} Kg8 {[%clk 0:16:39]} 51. Re2 {[%clk 0:12:15]} Rc7 {[%clk 0:15:42]} 52.
Qd2 {[%clk 0:12:01]} Qa8 {[%clk 0:08:53]} 53. Qe3 {[%clk 0:10:33]} Qb7 {[%clk
0:05:05]} 54. Qe6+ {[%clk 0:10:02]} Kg7 {[%clk 0:05:14]} 55. Qf6+ {[%clk
0:10:18]} 1-0

[Event "European Women's Championship"]
[Site "Vysoke Tatry"]
[Date "2018.04.13"]
[Round "6"]
[White "Dzagnidze, Nana"]
[Black "Mammadzada, Gunay"]
[Result "1-0"]
[Board "3"]
[WhiteElo "2507"]
[WhiteTitle "GM"]
[WhiteCountry "GEO"]
[WhiteFideId "13601903"]
[WhiteEloChange "3"]
[BlackElo "2392"]
[BlackTitle "IM"]
[BlackCountry "AZE"]
[BlackFideId "13403729"]
[BlackEloChange "-7"]

1. Nf3 {[%clk 1:30:55]} c5 {[%clk 1:30:44]} 2. b3 {[%clk 1:31:04]} Nc6 {[%clk
1:29:44]} 3. Bb2 {[%clk 1:31:27]} d5 {[%clk 1:21:41]} 4. e3 {[%clk 1:31:35]} Nf6
{[%clk 1:22:00]} 5. Bb5 {[%clk 1:31:47]} Bd7 {[%clk 1:22:20]} 6. c4 {[%clk
1:31:43]} a6 {[%clk 1:13:44]} 7. Bxc6 {[%clk 1:31:00]} Bxc6 {[%clk 1:14:07]} 8.
Ne5 {[%clk 1:31:22]} Rc8 {[%clk 1:14:15]} 9. O-O {[%clk 1:31:31]} e6 {[%clk
1:12:50]} 10. d3 {[%clk 1:27:33]} Be7 {[%clk 1:11:11]} 11. Qe2 {[%clk 1:23:23]}
O-O {[%clk 1:10:51]} 12. Nd2 {[%clk 1:20:22]} Be8 {[%clk 1:01:54]} 13. f4 {[%clk
1:17:56]} Nd7 {[%clk 0:56:31]} 14. cxd5 {[%clk 0:55:22]} Nxe5 {[%clk 0:45:51]}
15. d6 {[%clk 0:55:27]} Bxd6 {[%clk 0:31:59]} 16. fxe5 {[%clk 0:55:10]} Be7
{[%clk 0:32:27]} 17. Ne4 {[%clk 0:53:33]} Bc6 {[%clk 0:30:41]} 18. Nf6+ {[%clk
0:53:34]} Bxf6 {[%clk 0:26:42]} 19. exf6 {[%clk 0:53:47]} g6 {[%clk 0:27:09]} 20.
e4 {[%clk 0:51:15]} Qd6 {[%clk 0:20:49]} 21. Qe3 {[%clk 0:47:44]} Rfd8 {[%clk
0:19:56]} 22. Rf3 {[%clk 0:36:18]} Rd7 {[%clk 0:17:11]} 23. a4 {[%clk 0:24:00]}
Rcd8 {[%clk 0:15:02]} 24. Rh3 {[%clk 0:24:03]} Qf8 {[%clk 0:14:44]} 25. Rd1
{[%clk 0:23:44]} b5 {[%clk 0:12:35]} 26. Ba3 {[%clk 0:23:33]} b4 {[%clk 0:12:55]}
27. Bb2 {[%clk 0:23:54]} c4 {[%clk 0:12:36]} 28. bxc4 {[%clk 0:24:00]} Bxa4
{[%clk 0:13:02]} 29. Rd2 {[%clk 0:20:46]} Bb3 {[%clk 0:11:00]} 30. c5 {[%clk
0:20:12]} Bc4 {[%clk 0:11:09]} 31. d4 {[%clk 0:19:01]} Bb5 {[%clk 0:09:20]} 32.
Rh6 {[%clk 0:11:52]} Kh8 {[%clk 0:07:06]} 33. Rf2 {[%clk 0:10:22]} Rxd4 {[%clk
0:04:24]} 34. Bxd4 {[%clk 0:10:46]} e5 {[%clk 0:04:50]} 35. Rf3 {[%clk 0:10:21]}
Rxd4 {[%clk 0:02:28]} 36. Rfh3 {[%clk 0:09:56]} Rd1+ {[%clk 0:02:49]} 37. Kf2
{[%clk 0:10:21]} Rf1+ {[%clk 0:02:47]} 38. Kg3 {[%clk 0:10:48]} Qg8 {[%clk
0:03:12]} 39. Qd2 {[%clk 0:10:30]} 1-0